6 to 1: United Kingdom Quiz Stats

 Plays Quiz Updated Feb 11, 2019

Challenge
Share
Tweet
Embed
Score 0/21 Timer 03:00
78 Plays Today
Answer % Correct
London (8,869,898)
99.5%
Manchester (549,305)
90.9%
Scotland
90.7%
Wales
90.6%
Paris, France
89.6%
England
89.1%
Northern Ireland
88.1%
Thames (215 miles)
88%
Ireland
86.2%
Birmingham (1,140,754)
81.4%
Liverpool (571,733)
79.9%
Answer % Correct
Amsterdam, Netherlands
77.2%
Brussels, Belgium
76.9%
Glasgow (611,760)
75.2%
Severn (220 miles)
42%
Bristol (567,111)
41.5%
Gibraltar
38.7%
British Virgin Islands
32%
Bermuda
31.3%
Cayman Islands
15.5%
Turks and Caicos Islands
8.2%

You're not logged in!

Compare scores with friends on all Sporcle quizzes.
OR
Log In

You Might Also Like...

Show Comments

Extras

Top Quizzes Today


Score Distribution

Your Account Isn't Verified!

In order to create a playlist on Sporcle, you need to verify the email address you used during registration. Go to your Sporcle Settings to finish the process.

Report this User

Report this user for behavior that violates our Community Guidelines.

Details: